[Event "CRO-ch (Women)"]
[Site "Pula"]
[Date "1996.??.??"]
[Round "?"]
[White "Petek Medic, Mirjana"]
[Black "Puljek Salai, Zorica"]
[Result "1-0"]
[WhiteElo "2320"]
[BlackElo "2200"]

1.d4 Nf6 2.Nf3 g6 3.c4 Bg7 4.g3 O-O 5.Bg2 d6 6.O-O c6 7.Nc3 a6 8.e4 b5 9.cxb5 axb5
10.Re1 b4 11.Nb1 Be6 12.a4 bxa3 13.Rxa3 Rxa3 14.bxa3 Qa5 15.Bd2 Qa7 16.h3 Rc8
17.Bc3 Ba2 18.Qc2 Be6 19.Nbd2 c5 20.d5 Bd7 21.Nc4 Bb5 22.Nfd2 Nbd7 23.Rb1 Ba4
24.Qa2 Rb8 25.Qa1 Ne8 26.Rxb8 Qxb8 27.Bxg7 Nxg7 28.Qc3 Ne8 29.f4 Nc7 30.e5 Nb5
31.Qb2 dxe5 32.Nxe5 Qa7 33.Ne4 Nd4 34.d6 exd6 35.Nxd6 Nf8 36.Qf2 Nfe6 37.Ne4 Qb8
38.Nxc5 Nxc5 39.Qxd4 Ne6 40.Qf2 Bb5 41.Ng4  1-0

[Event "EU-ch U14"]
[Site "Rimavska Sobota"]
[Date "1996.??.??"]
[Round "2"]
[White "Vavrak, Peter"]
[Black "Shinkevich, Vitaly"]
[Result "1/2-1/2"]
[WhiteElo "2105"]
[BlackElo "2400"]

1.d4 Nf6 2.c4 g6 3.Nf3 Bg7 4.g3 O-O 5.Bg2 d6 6.O-O Nbd7 7.Nc3 e5 8.e4 c6
9.h3 Re8 10.b3 a5 11.Be3 a4 12.Qc2 axb3 13.axb3 Rxa1 14.Rxa1 exd4 15.Nxd4 h5
16.Rd1 h4 17.g4 Nh7 18.f4 Qe7 19.Bf2 Nc5 20.Qd2 g5 21.b4 Bxd4 22.Qxd4 Ne6
23.Qxd6 Qxd6 24.Rxd6 Nxf4 25.b5 cxb5 26.cxb5 Nf8 27.Nd5 Nxd5 28.exd5 Nd7
29.Bd4 Re1+ 30.Bf1 Rd1 31.Bc3 f6 32.Bxf6 Nxf6 33.Rxf6 Rxd5  1/2-1/2

[Event "EU-ch U18"]
[Site "Rimavska Sobota"]
[Date "1996.??.??"]
[Round "5"]
[White "Bekker Jensen, David"]
[Black "Istrate, Bogdan"]
[Result "0-1"]
[WhiteElo "2190"]
[BlackElo "2280"]

1.d4 Nf6 2.c4 g6 3.Nf3 Bg7 4.g3 O-O 5.Bg2 d6 6.Nc3 c6 7.O-O a6 8.b3 b5 9.Bb2 bxc4
10.bxc4 a5 11.d5 c5 12.a4 Na6 13.Qc1 Nb4 14.Nd2 Rb8 15.Nb5 Bg4 16.Bf3 Bxf3
17.Nxf3 Qd7 18.Kg2 Qf5 19.Qb1 Qxb1 20.Raxb1 Nd7 21.Bxg7 Kxg7 22.Rfc1 Nb6
23.Ra1 Rbd8 24.Nd2 Rd7 25.Nb3 Ra8 26.Rc3 Kf8 27.Kf1 e6 28.e4 e5 29.Ke2 Ke7
30.Kd1 Rb7 31.Kc1 f6 32.Kb2 Kd7 33.Nd2 Rf8 34.Kb3 f5 35.h4 h5 36.Rg1 Rbb8
37.exf5 gxf5 38.Ka3 Rg8 39.Kb3 Rg4 40.Nf1 Rf8 41.Nd2 Rb8 42.Ka3 Ke7 43.Rgc1 Rd8
44.Nb3 Ra8 45.Nc7 Rc8 46.Nb5 Ra8 47.Nc7 Rc8 48.Nb5 N4xd5 49.cxd5 Rxa4+ 50.Kb2 Rb4
51.Na7 a4 52.Nxc8+ Nxc8 53.Kc2 axb3+ 54.Rxb3 Rxb3 55.Kxb3 Nb6 56.Ra1 Nxd5
57.Ra7+ Ke6 58.Kc4 Nf6 59.Ra8 Nd7 60.Kb5 Kd5 61.Ra1 e4 62.Ra8 Ne5 63.Rh8 c4
64.Rxh5 c3 65.Rh7 Nd3 66.Rc7 Nc5  0-1

[Event "EU-ch U14"]
[Site "Rimavska Sobota"]
[Date "1996.??.??"]
[Round "8"]
[White "Raceanu, Valentin"]
[Black "Sebenik, Matej"]
[Result "1-0"]
[WhiteElo "2195"]
[BlackElo "2125"]

1.d4 Nf6 2.c4 g6 3.Nf3 Bg7 4.g3 O-O 5.Bg2 d6 6.Nc3 Nc6 7.O-O a6 8.h3 Rb8
9.Be3 Bd7 10.Rc1 Qc8 11.Kh2 Ne8 12.Qd2 e5 13.dxe5 Nxe5 14.Nxe5 Bxe5 15.Ba7 Ra8
16.Bd4 Be6 17.f4 Bg7 18.Nd5 Qd7 19.e4 f5 20.exf5 Bxf5 21.Rfe1 Rf7 22.Bxg7 Nxg7
23.Re7 Qxe7 24.Nxe7+ Rxe7 25.Re1 Rxe1 26.Qxe1 Re8 27.Qa5 Re2 28.Kg1 Ne8 29.Bd5+ Kf8
30.Qc3 Ke7 31.g4 Be4 32.Bxe4 Rxe4 33.Qd3 Re6 34.Kf2 Nf6 35.Kf3 c6 36.a4 d5
37.Qb3 Kd6 38.Qxb7 d4 39.Qb4+ Kc7 40.Qa5+ Kd7 41.Qb6 Re3+ 42.Kg2 Re4 43.Qb7+ Kd6
44.Qb8+ Ke6 45.Qc7 d3 46.Qxc6+ Ke7 47.Qb7+ Kf8 48.Kf3 Re7 49.Qb3 d2 50.Qd1 Rd7
51.Ke3 Re7+ 52.Kf3 Rd7 53.b4 Rd3+ 54.Ke2 Rd7 55.Kf3 Rd3+ 56.Ke2 Rd7 57.Qxd2 Rxd2+
58.Kxd2 Ke7 59.Ke3 a5 60.bxa5 Kd6 61.Kd4 Nd7 62.a6 Nb8 63.c5+ Kc6 64.a7  1-0

[Event "Sakthi"]
[Site "Sakthi"]
[Date "1996.??.??"]
[Round "1"]
[White "Adianto, Utut"]
[Black "Thipsay, Praveen Mahadeo"]
[Result "1-0"]
[WhiteElo "2610"]
[BlackElo "2475"]

1.d4 Nf6 2.c4 g6 3.Nf3 Bg7 4.g3 O-O 5.Bg2 d6 6.O-O Nbd7 7.Nc3 e5 8.h3 c6
9.e4 Re8 10.Re1 exd4 11.Nxd4 Nc5 12.Bf4 Ne6 13.Nxe6 Bxe6 14.Qxd6 Qxd6 15.Bxd6 Bxc4
16.b3 Be6 17.Rad1 Nd7 18.Ne2 f6 19.Nd4 Bf7 20.f4 a5 21.Re2 Bf8 22.Bxf8 Nxf8
23.Kf2 Red8 24.Red2 a4 25.b4 a3 26.Ke3 Ne6 27.Nc2 Rxd2 28.Rxd2 Nc7 29.Rd7 Nb5
30.Rxb7 Bxa2 31.e5 Bb1 32.Na1 Rd8 33.Bxc6 Rd3+ 34.Kf2 Rd2+ 35.Ke1 Ra2 36.Bd5+  1-0

[Event "Sakthi"]
[Site "Sakthi"]
[Date "1996.??.??"]
[Round "5"]
[White "Adianto, Utut"]
[Black "Tilak, Sharad S"]
[Result "1/2-1/2"]
[WhiteElo "2610"]
[BlackElo "2385"]

1.d4 Nf6 2.c4 g6 3.Nf3 Bg7 4.g3 O-O 5.Bg2 d6 6.O-O Nbd7 7.Nc3 e5 8.h3 c6
9.e4 Re8 10.Re1 exd4 11.Nxd4 Nc5 12.Nb3 Nfd7 13.Qxd6 Bf8 14.Qd1 Ne5 15.Qxd8 Rxd8
16.Bg5 Re8 17.Nxc5 Bxc5 18.Be3 Bxe3 19.Rxe3 Nxc4 20.Re2 f6 21.b3 Ne5 22.f4 Nf7
23.Rd2 Be6 24.Rad1 Rad8 25.Kf2 Kf8 26.Ke3 Ke7 27.Ne2 Rxd2 28.Rxd2 Rd8 29.Rxd8 Kxd8
30.Nd4 Bd7 31.b4 Ke7 32.a3 Kd6 33.Nb3 b6 34.Kd4 Be6 35.Nd2 c5+ 36.bxc5+ bxc5+
37.Kc3 Kc7 38.Bf1 Nd6 39.g4 Kc6 40.f5 gxf5 41.exf5 Bd5 42.h4 h6 43.Bd3  1/2-1/2

[Event "Salongernas IM"]
[Site "Salongernas"]
[Date "1996.??.??"]
[Round "?"]
[White "Ornstein, Axel"]
[Black "Sandstrom, Ludvig"]
[Result "1-0"]
[WhiteElo "2440"]
[BlackElo "2355"]

1.d4 Nf6 2.Nf3 g6 3.c4 Bg7 4.g3 O-O 5.Bg2 d6 6.Nc3 Nbd7 7.e4 e5 8.h3 a6 9.Be3 exd4
10.Nxd4 Re8 11.O-O Rb8 12.Qc2 c5 13.Nde2 b5 14.cxb5 axb5 15.a4 bxa4 16.Rfd1 Qb6
17.Nxa4 Qc7 18.Nac3 Ne5 19.Nf4 Qb6 20.Bc1 Bb7 21.Rb1 h6 22.b3 g5 23.Nfe2 Rbd8
24.Be3 Nc6 25.b4 Nxb4 26.Rxb4 Qxb4 27.Rb1 Qc4 28.Rxb7 d5 29.exd5 Nxd5 30.Bxd5 Rxd5
31.Rc7 Bd4 32.Nxd4 Rxd4 33.Bxd4 Re1+ 34.Kh2 Qf1 35.Rc8+  1-0

[Event "Salongernas Elo"]
[Site "Salongernas"]
[Date "1996.??.??"]
[Round "?"]
[White "Hjelm, Niclas"]
[Black "Kyhle, Bo"]
[Result "1/2-1/2"]
[WhiteElo "2325"]
[BlackElo "2290"]

1.d4 Nf6 2.c4 g6 3.Nf3 Bg7 4.g3 O-O 5.Bg2 d6 6.O-O Nbd7 7.Nc3 e5 8.e4 a6
9.h3 Re8 10.Re1 exd4 11.Nxd4 Nc5 12.b3 h6 13.Rb1 Rb8 14.Kh2 Bd7 15.b4  1/2-1/2

[Event "Salongernas IM"]
[Site "Salongernas"]
[Date "1996.??.??"]
[Round "?"]
[White "Engqvist, Thomas"]
[Black "Couso, Luis"]
[Result "1-0"]
[WhiteElo "2380"]
[BlackElo "2285"]

1.d4 Nf6 2.Nf3 g6 3.c4 Bg7 4.g3 O-O 5.Bg2 d6 6.O-O c6 7.Nc3 Nbd7 8.e4 e5
9.h3 Qb6 10.Re1 exd4 11.Nxd4 Ne5 12.Na4 Qa5 13.Bf1 c5 14.Bd2 Qd8 15.Nf3 Ne8
16.Bf4 Bd7 17.Nc3 Bc6 18.Nxe5 dxe5 19.Qxd8 Rxd8 20.Bg5 f6 21.Be3 b6 22.Bg2 Nc7
23.Nd5 Bxd5 24.cxd5 Nb5 25.a4 Nd6 26.a5 f5 27.axb6 axb6 28.f3 f4 29.Bf2 fxg3
30.Bxg3 Nb5 31.Ra6 Rd6 32.Rea1 Nd4 33.Kf2 Nb3 34.R1a4 Nd4 35.Ra7 Bf6 36.Rb7 Rf7
37.Ra8+ Kg7 38.Rbb8 Kh6 39.Ra6 Nb3 40.Rbxb6 Rxb6 41.Rxb6 c4 42.Rc6 Nd4 43.Rxf6  1-0

[Event "San Roque"]
[Site "San Roque"]
[Date "1996.??.??"]
[Round "5"]
[White "Izeta Txabarri, Felix"]
[Black "Rodriguez Talavera, Juan Carlos"]
[Result "1/2-1/2"]
[WhiteElo "2470"]
[BlackElo "2425"]

1.d4 Nf6 2.Nf3 g6 3.c4 Bg7 4.g3 O-O 5.Bg2 d6 6.Nc3 c5 7.O-O Nc6 8.d5 Na5
9.Nd2 a6 10.Qc2 Rb8 11.b3 b5 12.Bb2 Bh6 13.f4 bxc4 14.bxc4 e5 15.dxe6 Bxe6
16.Nd5 Bxd5 17.Bxd5 Nxd5 18.cxd5 Rxb2 19.Qxb2 Bg7 20.Qc1 Qf6 21.Nb3 Nxb3
22.axb3 Qd4+ 23.e3 Qxa1 24.Qxa1 Bxa1 25.Rxa1 Ra8 26.e4 Kf8 27.Kf2 Ke7 28.Ke2 Kd7
29.Kd3 Rb8 30.Kc3 Rb4 31.Ra4 Rb6 32.b4 Rb5 33.bxc5 Rxc5+ 34.Kd4 a5 35.e5 Rb5
36.Kc4 Rc5+ 37.Kd4 Rb5 38.Rc4 Rb2 39.h4 Rd2+ 40.Ke4 Re2+ 41.Kd3 Rg2 42.Rc6 dxe5
43.fxe5 Rxg3+ 44.Kd4 Rg1 45.Rd6+ Ke7 46.Ra6 Rd1+ 47.Kc5 Rc1+ 48.Kb6 Rb1+
49.Kc7 Rc1+ 50.Kb6 Rb1+ 51.Kc7 Rc1+ 52.Kb6  1/2-1/2

[Event "Sarospatak op"]
[Site "Sarospatak"]
[Date "1996.??.??"]
[Round "?"]
[White "Hevesi, Zoltan"]
[Black "Szell, Lajos"]
[Result "0-1"]
[WhiteElo "2175"]
[BlackElo "2255"]

1.d4 Nf6 2.Nf3 g6 3.c4 Bg7 4.g3 O-O 5.Bg2 d6 6.Nc3 c5 7.d5 e5 8.a4 Ne8 9.O-O f5
10.Bg5 Nf6 11.Qd2 e4 12.Ne1 Nbd7 13.Bh6 Ne5 14.b3 a6 15.Bxg7 Kxg7 16.f3 exf3
17.exf3 Bd7 18.Nd3 Nxd3 19.Qxd3 Re8 20.Rfe1 Qa5 21.Re2 Qb4 22.Na2 Qa5 23.Nc3 Rxe2
24.Nxe2 Re8 25.Nf4 Re1+ 26.Rxe1 Qxe1+ 27.Bf1 g5 28.Ng2 Qa1 29.Ne3 Qe5 30.Ng2 Nh5
31.Qe3 Kf6 32.Bd3 h6 33.Kf2 f4 34.gxf4 Nxf4 35.Nxf4 gxf4 36.Qe4  0-1

[Event "Sas van Gent op U20"]
[Site "Sas van Gent"]
[Date "1996.??.??"]
[Round "4"]
[White "Bekker Jensen, David"]
[Black "Solleveld, Maarten"]
[Result "1-0"]
[WhiteElo "2200"]
[BlackElo "2080"]

1.d4 Nf6 2.c4 g6 3.Nf3 Bg7 4.g3 O-O 5.Bg2 d6 6.Nc3 Nbd7 7.O-O e5 8.e4 Re8
9.h3 exd4 10.Nxd4 Nc5 11.Re1 Bd7 12.Kh2 a5 13.Bf4 Ne6 14.Be3 h5 15.f4 h4
16.g4 g5 17.Nxe6 fxe6 18.fxg5 Nh7 19.Qd2 Be5+ 20.Kh1 Qe7 21.Rf1 Nf8 22.Ne2 Ng6
23.Nd4 Bxd4 24.Bxd4 e5 25.Rf6 Kg7 26.Be3 Be6 27.c5 dxc5 28.Raf1 b6 29.a3 Rf8
30.Qc2 Rf7 31.R1f3 Raf8 32.Bf1 Qd7 33.Qf2 Qe7 34.Bb5 Qd8 35.Bc6 Ne7 36.Qxh4 Rh8
37.Qf2 Rhf8 38.Rxf7+ Bxf7 39.Bb5 Bg6 40.Rxf8 Qxf8 41.Qxf8+ Kxf8 42.Bd3 Nc8
43.Kg2 Nd6 44.Kf3 c4 45.Bb1 c3 46.bxc3 Nb5 47.Bd3 Nxc3 48.h4 Nd5 49.Bd2 Ne7
50.h5 Be8 51.g6 Kg7 52.Kg3 Ba4 53.Kh4  1-0

[Event "Schwaebisch Gmund op"]
[Site "Schwaebisch Gmund"]
[Date "1996.??.??"]
[Round "6"]
[White "Martinovic, Slobodan"]
[Black "Held, Peter"]
[Result "1-0"]
[WhiteElo "2460"]
[BlackElo "2190"]

1.Nf3 g6 2.g3 Bg7 3.d4 d6 4.Bg2 Nf6 5.c4 O-O 6.Nc3 Nc6 7.O-O a6 8.h3 Rb8
9.Be3 b5 10.Nd2 Bd7 11.Rc1 e5 12.dxe5 Nxe5 13.cxb5 axb5 14.Bg5 Be6 15.Nde4 Ned7
16.b3 h6 17.Be3 Re8 18.Nxf6+ Nxf6 19.Qd2 Kh7 20.Kh2 b4 21.Nd1 Re7 22.Bd4 Qh8
23.Bb2 Rb5 24.e4 Rh5 25.f3 Rb5 26.Rf2 h5 27.Ne3 Qb8 28.Rc2 Qa7 29.Bf1 Ra5
30.Bc1 Qb8 31.h4 Nd7 32.Bc4 Nc5 33.Nd5  1-0

[Event "Seefeld op"]
[Site "Seefeld"]
[Date "1996.??.??"]
[Round "?"]
[White "Kruppa, Yuri"]
[Black "Mandel, Andreas"]
[Result "1/2-1/2"]
[WhiteElo "2560"]
[BlackElo "2365"]

1.d4 Nf6 2.c4 g6 3.Nf3 Bg7 4.g3 O-O 5.Bg2 d6 6.O-O Nbd7 7.Nc3 e5 8.e4 exd4
9.Nxd4 Re8 10.h3 Nc5 11.Re1 a5 12.b3 c6 13.Bf4 h6 14.Rb1 Nh5 15.Be3 Nf6 16.Qc2 Qe7
17.Rbd1 Bd7 18.f3 Rad8 19.Qd2 Kh7 20.Bf2 Bc8 21.a3 Nfd7 22.b4 axb4 23.axb4 Ne5
24.Qe2 Ne6 25.f4 Nxd4 26.Bxd4 Nd7 27.Bxg7 Kxg7 28.Qd2 Qf6 29.e5 dxe5 30.Ne4 Qe6
31.Nd6 Re7 32.c5 Kh7 33.f5 Qf6 34.Rf1 Qg7 35.Qf2 Qg8 36.Nxc8 Rxc8 37.f6 Nxf6
38.Qxf6 Rcc7 39.Rd6 Qg7 40.Be4 Qxf6 41.Rfxf6 Rc8 42.Rxf7+ Rxf7 43.Bxg6+ Kg7
44.Bxf7 Kxf7 45.Rxh6 Ra8 46.Kg2 e4 47.Rh4 Ra2+ 48.Kf1 e3 49.Re4 Rb2 50.g4 Kf6
51.h4 Rh2 52.h5 Kg5 53.Ke1 Rg2 54.Kd1 Rd2+ 55.Kc1 Rg2 56.Rxe3 Rxg4 57.Rb3 Kxh5
58.Kb2 Kg5 59.Ka3 Kf6 60.Ka4 Ke6 61.Rd3 Ke7 62.Ka5 Rc4 63.Rd1 Ke8 64.Rd6 Ke7
65.Rd2 Ke8 66.Rb2 Kd7 67.Kb6 Kc8 68.b5 cxb5 69.Rh2 b4 70.Rh8+ Kd7 71.Rh7+ Ke6
72.Rxb7  1/2-1/2

[Event "Seefeld op"]
[Site "Seefeld"]
[Date "1996.??.??"]
[Round "?"]
[White "Timoshenko, Georgy"]
[Black "Mandel, Andreas"]
[Result "1-0"]
[WhiteElo "2510"]
[BlackElo "2365"]

1.d4 Nf6 2.Nf3 g6 3.c4 Bg7 4.g3 O-O 5.Bg2 d6 6.O-O Nbd7 7.Nc3 e5 8.e4 c6
9.b3 Re8 10.h3 a5 11.Re1 exd4 12.Nxd4 Nc5 13.Bf4 h6 14.Rb1 Nh7 15.Qd2 Qf6
16.Rbd1 Ng5 17.h4 Nge6 18.e5 dxe5 19.Bxe5 Qd8 20.Bxg7 Kxg7 21.h5 Qg5 22.Nxe6+ Bxe6
23.Qd4+ Qf6 24.Qxc5 Qxc3 25.Re3 Qf6 26.hxg6 Qxg6 27.a4 Qf6 28.Rd4 Qg5 29.Re5 Qg6
30.Rf4 f6 31.Be4 Qf7 32.Bc2 fxe5 33.Qxe5+ Kg8 34.Rxf7 Bxf7 35.Qf5 Re6 36.Qh7+ Kf8
37.Qh8+ Bg8 38.Bf5 Re1+ 39.Kg2 Ke7 40.Qxh6 Re8 41.Qg7+ Kd6 42.Qxb7 Rf8 43.Qd7+ Kc5
44.Qa7+ Kd6 45.Qd4+ Bd5+ 46.cxd5 Rxf5 47.Qc3  1-0

[Event "Sheffield"]
[Site "Sheffield"]
[Date "1996.??.??"]
[Round "9"]
[White "Whiteley, Andrew J"]
[Black "Buckley, Graeme"]
[Result "1-0"]
[WhiteElo "2295"]
[BlackElo "2385"]

1.d4 Nf6 2.c4 g6 3.Nf3 Bg7 4.g3 O-O 5.Bg2 d6 6.O-O Nbd7 7.Nc3 e5 8.e4 c6
9.h3 exd4 10.Nxd4 Re8 11.Re1 Nc5 12.Bf4 Qb6 13.Nb3 Be6 14.Bxd6 Nfd7 15.Bf1 Rad8
16.Qc2 Be5 17.Nxc5 Bxd6 18.N3a4 Qc7 19.Nxe6 fxe6 20.c5 Bf8 21.b4 Ne5 22.Be2 Rd4
23.a3 Nf7 24.Rad1 Bg7 25.Kg2 Red8 26.Bc4 Qe5 27.f4 Qf6 28.e5 Qe7 29.h4 Nh6
30.Nb2 Nf5 31.Rxd4 Rxd4 32.Qf2 Qd7 33.g4 Ne7 34.Bxe6+ Qxe6 35.Qxd4 Qxg4+
36.Kf2 Nd5 37.Nd3 Qxh4+ 38.Ke2 Qh2+ 39.Qf2 Nc3+ 40.Kd2 Qxf2+ 41.Nxf2 Nd5
42.Nd3 Kf7 43.Ke2 Ke6 44.Kf3 Kf5 45.a4 Nc3 46.e6  1-0

[Event "SLO-chT sf"]
[Site "SLO"]
[Date "1996.??.??"]
[Round "7"]
[White "Vospernik, Zdravko"]
[Black "Vavpetic, Vide"]
[Result "1/2-1/2"]
[WhiteElo "2285"]
[BlackElo "2260"]

1.d4 Nf6 2.Nf3 g6 3.c4 Bg7 4.g3 O-O 5.Bg2 d6 6.O-O a5 7.Nc3 c6 8.Qc2 Na6
9.e4 Bg4 10.Be3 Bxf3 11.Bxf3 e5 12.Rad1 Qe7 13.Qb3 exd4 14.Bxd4 Nc5 15.Qc2 h5
16.Rfe1 Ne6 17.Be3 Nd7 18.Qd2 Ne5 19.Be2 Rfd8 20.f4 Ng4 21.Bb6 Re8 22.h3 Ra6
23.hxg4 Rxb6 24.gxh5 g5 25.f5 Nc5 26.Bf3 Be5 27.Kg2 Qf6 28.Rc1 Kh7 29.b3 Ra6
30.Nd1 g4 31.Bxg4 Rg8 32.Nf2 Raa8 33.Rh1 Bd4 34.Bf3 Bxf2 35.Kxf2 Qe5 36.Rhg1 Nxe4+
37.Bxe4 Qxe4 38.Qc2 Qd4+ 39.Kg2 Rg5 40.Rgf1 Rag8 41.Rf3 Qg4 42.Qd3 Rxh5 43.Rh1 Rxh1
44.Kxh1 Re8 45.Kg2 Re1  1/2-1/2

[Event "Sochi"]
[Site "Sochi"]
[Date "1996.??.??"]
[Round "?"]
[White "Guliev, Sarhan"]
[Black "Nadyrhanov, S."]
[Result "1/2-1/2"]
[WhiteElo "2505"]
[BlackElo "2490"]

1.d4 Nf6 2.Nf3 d6 3.c4 g6 4.g3 Bg7 5.Bg2 O-O 6.O-O Nc6 7.Nc3 e5 8.d5 Ne7
9.c5 Ne8 10.cxd6 Nxd6 11.e4 c6 12.dxc6 Nxc6 13.Bg5 Bf6 14.Bxf6 Qxf6 15.h3 Rd8
16.Qe2 Be6 17.Rfd1 Rd7 18.Rd2 Rad8 19.Rad1 Qe7 20.b3  1/2-1/2

[Event "Solymar op"]
[Site "Solymar"]
[Date "1996.??.??"]
[Round "?"]
[White "Szekely, Peter"]
[Black "Francsics, Endre"]
[Result "1-0"]
[WhiteElo "2435"]
[BlackElo "2220"]

1.Nf3 Nf6 2.c4 g6 3.g3 Bg7 4.Bg2 d6 5.d4 O-O 6.Nc3 c6 7.O-O Nbd7 8.e4 e5
9.b3 a5 10.h3 Qc7 11.Re1 b6 12.Be3 Bb7 13.Qd2 Rad8 14.Rad1 Nh5 15.Bg5 f6
16.Be3 Rf7 17.g4 Nf4 18.Bxf4 exf4 19.Qxf4 Nf8 20.Qg3 g5 21.e5 Ng6 22.exd6 Qxd6
23.Re8+ Bf8 24.Qxd6 Rxd6 25.d5  1-0

[Event "Solymar op"]
[Site "Solymar"]
[Date "1996.??.??"]
[Round "?"]
[White "Horvath, Jozsef"]
[Black "Sinkovics, Peter"]
[Result "1-0"]
[WhiteElo "2505"]
[BlackElo "2405"]

1.d4 Nf6 2.Nf3 g6 3.c4 Bg7 4.g3 O-O 5.Bg2 d6 6.Nc3 Nc6 7.O-O e5 8.d5 Ne7
9.e4 Nd7 10.b4 a5 11.bxa5 Rxa5 12.a4 f5 13.Nb5 Nc5 14.exf5 gxf5 15.Ra3 Bd7
16.Bg5 Be8 17.Nd2 Bg6 18.Nb3 Nxb3 19.Qxb3 b6 20.Bd2 Ra8 21.a5 Nc8 22.Rfa1 bxa5
23.Bxa5 Rf7 24.R1a2 e4 25.Qd1 Rb8 26.Rb3 Nb6 27.Nd4 Bxd4 28.Qxd4 Nd7 29.Bc3 Ne5
30.Rab2 Rxb3 31.Rxb3 f4 32.Bxe4 fxg3 33.hxg3 Qg5 34.Bd2 Qg4 35.Bxg6 Qxg6
36.Kg2 Qc2 37.Rb8+ Rf8 38.Rxf8+ Kxf8  1-0

[Event "Solymar op"]
[Site "Solymar"]
[Date "1996.??.??"]
[Round "?"]
[White "Horvath, Jozsef"]
[Black "Szell, Lajos"]
[Result "1-0"]
[WhiteElo "2505"]
[BlackElo "2255"]

1.Nf3 Nf6 2.c4 g6 3.d4 Bg7 4.g3 O-O 5.Bg2 d6 6.Nc3 c5 7.d5 e5 8.O-O Ne8 9.e4 f5
10.exf5 gxf5 11.Ng5 Nc7 12.Qh5 h6 13.Ne6 Nxe6 14.dxe6 Nc6 15.Bxh6 Bxe6 16.Nd5 Nd4
17.Bg5 Rf6 18.Nxf6+ Bxf6 19.Qg6+  1-0

[Event "Petrov mem"]
[Site "St Petersburg"]
[Date "1996.??.??"]
[Round "3"]
[White "Burmakin, Vladimir"]
[Black "Yuferov, Sergey  N"]
[Result "1/2-1/2"]
[WhiteElo "2535"]
[BlackElo "2440"]

1.d4 Nf6 2.Nf3 g6 3.c4 Bg7 4.g3 O-O 5.Bg2 d6 6.O-O Nc6 7.d5 Na5 8.Nfd2 Nd7
9.a3 Ne5 10.Qc2 c6 11.Ra2 cxd5 12.cxd5 Bf5 13.Qd1 Rc8 14.b4 Nac4 15.h3 Rc7
16.e4 Bd7 17.Nxc4 Nxc4 18.Kh2 Nb6 19.Be3 Ba4 20.Qd3 Qd7 21.Bxb6 axb6 22.Qe3 b5
23.f4 Bc2 24.e5 Rfc8 25.e6 Qe8 26.Nd2 f5 27.Rc1 Qd8 28.Nf3 Rc3 29.Qa7 Bb3
30.Rxc3 Bxc3 31.Rf2 Bxd5 32.Ng5 Bxg2 33.Kxg2 Qc7 34.Rc2 b6 35.Qxc7 Rxc7 36.Nf3 Rc4
37.Kg1 Bf6 38.Rd2 Rc3 39.Rd5 Rd3 40.Rxb5 Rxa3 41.Kf1 Ra6 42.g4 Kf8 43.gxf5 gxf5
44.Rxf5 Kg7 45.Ke2 Ra4 46.Rb5 Bc3 47.Rf5 Bf6 48.Rb5 Bc3 49.Rf5 Bf6  1/2-1/2

[Event "Petrov mem"]
[Site "St Petersburg"]
[Date "1996.??.??"]
[Round "3"]
[White "Skomorokhin, Roman"]
[Black "Riazantsev, Alexander"]
[Result "1-0"]
[WhiteElo "2450"]
[BlackElo "2300"]

1.d4 Nf6 2.c4 g6 3.g3 Bg7 4.Bg2 O-O 5.Nf3 d6 6.O-O Nbd7 7.Qc2 e5 8.Rd1 Re8
9.e4 Qe7 10.Nc3 c6 11.Rb1 a5 12.b3 exd4 13.Nxd4 Nc5 14.f3 Qc7 15.Be3 Nfd7
16.Bf2 Ne5 17.h3 Ne6 18.f4 Nd7 19.Nde2 Nec5 20.a3 Na6 21.Rd2 Nf8 22.Rbd1 f5
23.Rxd6 fxe4 24.Nxe4 Bf5 25.g4 Bxe4 26.Bxe4 Qe7 27.Bf3 Nc7 28.a4 Nce6 29.c5 Qf7
30.Qc4 Kh8 31.Kg2 Re7 32.Bh4 g5 33.Bg3 gxf4 34.Nxf4 Nxf4+ 35.Bxf4 Qxc4 36.bxc4 Rae8
37.Rd8 Ne6 38.Rxe8+ Rxe8 39.Be3 Bf8 40.Rb1 Bxc5 41.Bd2 Bb4 42.Bxb4 axb4 43.Rxb4 Nc5
44.Rb1 Re3 45.g5 Rc3 46.Re1 Rxc4 47.a5 Ra4 48.Re7 Rxa5 49.h4 Ra8 50.Kg3 Rd8
51.Bg4 Rd5 52.Bc8 b5 53.Kg4 b4 54.Bf5 b3 55.Rxh7+ Kg8 56.Rc7 b2 57.Rc8+ Kg7
58.Rb8 Rd4+ 59.Kg3 Rd5 60.Bb1 Ne6 61.Rb7+ Kh8 62.g6 Rb5 63.Rh7+ Kg8 64.Ba2 Re5
65.Rb7 Kf8 66.Kg4  1-0

[Event "RUS-Cup1 Chigorin mem"]
[Site "St Petersburg"]
[Date "1996.??.??"]
[Round "3"]
[White "Burmakin, Vladimir"]
[Black "Soloviov, Sergei"]
[Result "1-0"]
[WhiteElo "2505"]
[BlackElo "2410"]

1.d4 Nf6 2.c4 g6 3.Nf3 Bg7 4.g3 O-O 5.Bg2 d6 6.Nc3 c6 7.O-O Qa5 8.h3 Be6
9.d5 cxd5 10.Nd4 dxc4 11.Nxe6 fxe6 12.Bxb7 Nbd7 13.Bxa8 Rxa8 14.Bd2 Qf5 15.Kh2 d5
16.Be3 Ne4 17.Bd4 Ng5 18.Bxg7 Qxh3+ 19.Kg1 Kxg7 20.Nxd5 e5 21.Qc1 Qh5 22.Qxc4 Nb6
23.Qc5 Nxd5 24.Qxd5 e4 25.Qe5+ Kg8 26.Qd5+ Kg7 27.Qd4+ Kg8 28.Qc4+ e6 29.f4 exf3
30.exf3 Nxf3+ 31.Kg2 Rf8 32.Qxe6+ Kh8 33.Rh1 Qc5 34.Rac1 Qd4 35.Rc2 Ne5 36.Re1 Nd3
37.Ree2 Qd8 38.Qe4 Qd7 39.Rcd2 Rd8 40.Kh2 Qb5 41.a4 Qh5+ 42.Qh4  1-0

[Event "RUS-Cup1 Chigorin mem"]
[Site "St Petersburg"]
[Date "1996.??.??"]
[Round "3"]
[White "Skomorokhin, Roman"]
[Black "Biriukov, Nikolai"]
[Result "1/2-1/2"]
[WhiteElo "2450"]
[BlackElo "2290"]

1.d4 Nf6 2.c4 g6 3.g3 Bg7 4.Bg2 O-O 5.Nf3 d6 6.O-O Nc6 7.Nc3 e5 8.d5 Ne7
9.e4 Ne8 10.Ne1 f5 11.Nd3 Nf6 12.Bg5 h6 13.Bxf6 Rxf6 14.f4 exf4 15.Nxf4 g5
16.Nh5 Rf7 17.Nxg7 Rxg7 18.Qh5 f4 19.gxf4 gxf4 20.Rxf4 Ng6 21.Rf2 Qh4 22.Qxh4 Nxh4
23.Kh1 Bg4 24.Raf1 Re8 25.h3 Nxg2 26.Rxg2 Bxh3 27.Rxg7+ Kxg7 28.Rf4 a6 29.Kg1 Re5
30.Kf2 Rg5 31.Ne2 Rg4 32.Ke3 h5 33.Nd4 Rg3+ 34.Kf2 Rg6 35.a4 Bg4 36.b4 h4
37.Nf5+ Bxf5 38.exf5 Rh6 39.Re4 h3 40.Kg1 Kf6 41.Re6+ Kg5 42.Re7 c6 43.Rxb7 cxd5
44.cxd5 Kxf5 45.Rb6 Rh4 46.Rxd6 Rxb4  1/2-1/2

[Event "RUS-Cup1 Chigorin mem"]
[Site "St Petersburg"]
[Date "1996.??.??"]
[Round "4"]
[White "Doroshkievich, Vladimir K"]
[Black "Neverov, Valeriy"]
[Result "1-0"]
[WhiteElo "2385"]
[BlackElo "2515"]

1.d4 Nf6 2.c4 g6 3.Nf3 Bg7 4.g3 O-O 5.Bg2 d6 6.O-O Nbd7 7.Qc2 e5 8.Rd1 Re8
9.dxe5 Nxe5 10.Nxe5 Rxe5 11.Nc3 Bf5 12.e4 Bd7 13.Be3 Rh5 14.f3 a5 15.Rd2 b6
16.Rad1 a4 17.Ne2 Qf8 18.Nf4 Rha5 19.Nd5 Nxd5 20.Rxd5 Be6 21.Rxa5 Rxa5 22.Bf1 f5
23.Bd3 fxe4 24.Bxe4 Qf7 25.b3 axb3 26.axb3 b5 27.Qd2 Ra6 28.cxb5 Ra3 29.b6 cxb6
30.Qxd6 Bf8 31.Qxb6 Rxb3 32.Qd4 h5 33.Ra1 Bg7 34.Ra8+ Kh7 35.Qc5 Bf5 36.Ra7 Qe8  1-0

[Event "RUS-Cup1 Chigorin mem"]
[Site "St Petersburg"]
[Date "1996.??.??"]
[Round "4"]
[White "Filippov, Valerij"]
[Black "Kalegin, Evgenij"]
[Result "1/2-1/2"]
[WhiteElo "2565"]
[BlackElo "2500"]

1.Nf3 Nf6 2.c4 g6 3.d4 Bg7 4.g3 O-O 5.Bg2 d6 6.O-O Nbd7 7.Nc3 e5 8.e4 c6
9.h3 exd4 10.Nxd4 Qb6 11.Nc2 Ne8 12.Bd2 Ne5 13.b3 f5 14.Kh2 Nf6 15.f4 Nf7
16.Be3 Qa5 17.Bd4 fxe4 18.Nxe4 Nxe4 19.Bxe4 Bxd4 20.Qxd4 Qh5 21.Bg2 a5 22.Rae1 Qc5
23.Re7 Bf5 24.Qxc5 dxc5 25.Ne3 Nd6 26.Rd1 Rfe8 27.Re5 Nf7 28.Rxe8+ Rxe8 29.Nxf5 gxf5
30.Rd7 Re2 31.g4 Rxa2 32.Rxb7 Nd6 33.Ra7 Ne4 34.gxf5 h5 35.h4 Rb2 36.Rxa5 Kg7
37.Ra8 Kf6 38.Rf8+ Ke7 39.Rh8 Nf6 40.Rc8 Kd7 41.Rb8 Kc7 42.Rf8 Ng4+ 43.Kg3 Rxb3+
44.Bf3 Kd7 45.Rf7+ Kd6 46.Rg7 Nh2 47.Rg6+ Kd7 48.Kxh2 Rxf3 49.Rg5 Rxf4 50.Kg3 Rxc4
51.Rxh5 Kd6 52.Rh8  1/2-1/2

[Event "Petrov mem"]
[Site "St Petersburg"]
[Date "1996.??.??"]
[Round "4"]
[White "Vaulin, Alexander"]
[Black "Krechetov, Alexander"]
[Result "1/2-1/2"]
[WhiteElo "2480"]
[BlackElo "2325"]

1.c4 g6 2.d4 Bg7 3.Nf3 Nf6 4.g3 O-O 5.Bg2 d6 6.O-O Nc6 7.Nc3 e5 8.d5 Ne7
9.e4 Nd7 10.b4 a5 11.Ba3 axb4 12.Bxb4 h6 13.Nd2 f5 14.a4 f4 15.a5 g5 16.Na4 g4
17.Re1 h5 18.c5 h4 19.cxd6 cxd6 20.Qxg4 hxg3 21.hxg3 Rf6 22.Qe2 Rg6 23.Nf1 b6
24.axb6 Ba6 25.Qf3 Bxf1 26.Rxf1 Nxb6 27.Nxb6 Rxa1 28.Rxa1 Qxb6 29.Ba5 Qc5
30.g4 Bf6 31.Bd8 Qc8 32.Bxe7 Bxe7 33.Bh3 Bd8 34.Qb3 Rg7 35.Qb5 Bh4 36.Qc6 Rc7
37.Qxd6 Rc1+ 38.Rxc1 Qxc1+ 39.Bf1 Bxf2+ 40.Kxf2 Qe3+ 41.Kg2 Qg3+ 42.Kh1 Qh4+  1/2-1/2

[Event "RUS-Cup1 Chigorin mem"]
[Site "St Petersburg"]
[Date "1996.??.??"]
[Round "5"]
[White "Doroshkievich, Vladimir K"]
[Black "Poluljahov, Aleksandr"]
[Result "0-1"]
[WhiteElo "2385"]
[BlackElo "2490"]

1.d4 Nf6 2.c4 g6 3.Nf3 Bg7 4.g3 O-O 5.Bg2 d6 6.O-O Nbd7 7.Qc2 e5 8.Rd1 Qe7
9.Nc3 c6 10.e4 exd4 11.Nxd4 Nc5 12.Bf4 Nfd7 13.Qd2 Ne5 14.b3 Re8 15.h3 a5
16.Rab1 h5 17.Be3 Ned7 18.Nde2 Nf6 19.f3 Bf8 20.Bf4 Rd8 21.e5 Ne8 22.Bg5 f6
23.exf6 Nxf6 24.Nd4 Bg7 25.Re1 Qf7 26.Rbd1 a4 27.Ne4 Nfxe4 28.fxe4 Rf8 29.Rf1 Qe8
30.Rxf8+ Bxf8 31.Re1 axb3 32.axb3 Bg7 33.Bf4 Ra3 34.Bxd6 Nxb3 35.Nxb3 Rxb3
36.c5 Be6 37.Qg5 Rb2 38.Rd1 Kh7 39.Be7 Qa8 40.Bf6 Rxg2+ 41.Kxg2 Qa2+ 42.Kf1 Qh2  0-1